• 首页
  • 本馆介绍
  • 公告通知
  • 最新文献
  • 馆藏检索
  • 电子资源
  • 读者荐购
  • 参考咨询
  • CALIS
  • 我的图书馆
  • 登录
  • 详细信息显示
  • 放入我的书架
  • 预约/预借图书
  • 作者相关作品
  • 分类相关作品
  • 丛书相关作品
  • 出版社相关作品

书目信息

  • 表格格式
  • 工作单格式
  • 卡片格式
题名:
鬼笑石
    
 
作者: 呼延云 著
分册: 上  
出版信息: 北京   新星出版社  2025.04
页数: 2册 (387, 353页)
开本: 22cm
丛书名: 午夜文库
单 册:
中图分类: I247.57
科图分类:
主题词: 长篇小说--chang pian xiao shuo--中国--当代
电子资源:
ISBN: 978-7-5133-5988-7
 
 
 
 
 
000 01191nam 2200289 450
001 CAL 012025064821
005 20251022121517.80
010    @a978-7-5133-5988-7@dCNY49.50
092    @aCN@bbk20250520sk-00353
099    @aCAL 012025064821
100    @a20250613d2025 em y0chiy0120 ea
101 0  @achi
102    @aCN@b110000
105    @ay z 000ay
106    @ar
200 1  @a鬼笑石@Agui xiao shi@f呼延云著@h上
210    @a北京@c新星出版社@d2025.04
215    @a2册 (387, 353页)@d22cm
225 2  @a午夜文库@Awu ye wen ku
330    @a本书讲述了:上世纪九十年代,西山鬼笑石下的山林燃起熊熊大火,大火扑灭后,惊现两具死状骇人的尸体。是他杀?是自杀?还是冲突中发生的意外?正当办案刑警一筹莫展之际,现场提取到的一把刻有“呼”字的小刀,引起了他们的注意。为了洗清嫌疑,呼延云踏上了追凶之旅,谁知十年之后,门窗反锁的林间小屋中,命案再次发生。面对诡异莫名的案情,林香茗告诉呼延云:“要想找到真相,恐怕得去历史的深处发掘一番。”
410  0 @12001 @a午夜文库
606 0  @a长篇小说@Achang pian xiao shuo@y中国@z当代
690    @aI247.57@v5
701  0 @a呼延云@Ahu yan yun@4著
801  0 @aCN@c20250919
905    @a河南城建学院图书馆@dI247.57@eH444:1@ZH444:1@f3
998    @aTJDX
    
    鬼笑石/呼延云著.上.-北京:新星出版社,2025.04
    2册 (387, 353页);22cm.-(午夜文库)
    
    
    ISBN 978-7-5133-5988-7:CNY49.50
    本书讲述了:上世纪九十年代,西山鬼笑石下的山林燃起熊熊大火,大火扑灭后,惊现两具死状骇人的尸体。是他杀?是自杀?还是冲突中发生的意外?正当办案刑警一筹莫展之际,现场提取到的一把刻有“呼”字的小刀,引起了他们的注意。为了洗清嫌疑,呼延云踏上了追凶之旅,谁知十年之后,门窗反锁的林间小屋中,命案再次发生。面对诡异莫名的案情,林香茗告诉呼延云:“要想找到真相,恐怕得去历史的深处发掘一番。”
●
相关链接 在E读中查询图书 在当当中查询图书 在豆瓣中查询图书


正题名:鬼笑石     索取号:I247.57/H444:1         预约/预借

序号 登录号 条形码 馆藏地/架位号 状态 备注
1 1637801   216378015   文学库108/ [索取号:I247.57/H444:1] 在馆    
2 1637802   216378024   文学库108/108文学库 48排8列1层/ [索取号:I247.57/H444:1] 在馆    
3 1637803   216378033   文学库108/108文学库 48排8列1层/ [索取号:I247.57/H444:1] 在馆    
河南城建学院图书馆 欢迎您!
大连网信软件有限公司© 版权所有